000 00541nam a2200181Ia 4500
008 220531s9999 xx 000 0 und d
041 _amar
082 _bSUR
100 _aसूर्यवंशी, अभिमन्यू
_984073
245 _aस्वातंत्र्यसुर्य महाराणा प्रताप
250 _a1ST
260 _aShrirampur
_bShabdalay
_c2016
300 _a160
542 _d14-09-2018
650 _aMaharana Pratap
_984074
906 _d2018-2019
_f12992
999 _c46281
_d46281